000
00211nam a2200085Ia 4500
008
120527s9999 xx 000 0 und d
100
_a
Horne Van.James
245
_a
Foundations of financial management
942
_c
BK
999
_c
27125
_d
27125